00597cam4a220021700 4500001001200000008004100012035001900053035001800072100002900090245004000119260001000159949003700169004000600206591002400212591004000236591001700276591003000293591002800323909000900351999001900360zam00002467951128s1973 xx eng u a(Sirsi) r19824 a(MACHINE)SLC. aPoulantzas, N.6A80866.110aPolitical power and social classes. c1973. aJC249wlccmMAINtBOOKlON-SHELF19824 aClass code: PL 450. aCourse: Socialist political theory. aSchool: S05. aLecturer: Dr. KAELA, L.W. aNumber of Students: 14. aBook c169379d169379